| 000 | 00476nam a22001697a 4500 | ||
|---|---|---|---|
| 005 | 20180321103355.0 | ||
| 008 | 160518b xxu||||| |||| 00| 0 eng d | ||
| 020 | _a978-81-259-3427-1 | ||
| 041 | _aeng | ||
| 082 |
_b2714 _a338.7 |
||
| 100 |
_aGhosh Biswanath Shekhar Kc. Shekhar Lekshony Srivastava Sc _9728 |
||
| 245 | _aIndian Business Environment | ||
| 260 |
_aNew Delhi _bVikas Publishing House (P) Ltd. _c2009 |
||
| 300 | _a347 | ||
| 650 |
_aManagement _9241 |
||
| 942 | _cBK | ||
| 999 |
_c977 _d977 |
||